000 01394nam a2200229Ia 4500
999 _c36637
_d36637
001 2557
003 GE_BSU
005 20230404160931.0
008 181216s2001||||ge |||||||||||||| ||geo||
020 _a9992881224
040 _cGE_BSU
041 _ageo
080 _a94(100)"04/14" შ–93
245 _aშუა საუკუნეების ისტორიის საკითხები 3 /
_cრედაქტორი: გ. ჟორდანია; ივანე ჯავახიშვილის სახელობის თბილისის სახელმწიფო უნივერსიტეტი, შუა საუკუნეების ისტორიის კათედრა.
264 _aთბილისი :
_bუნივერსალი,
_c2001.
300 _a182 გვ.;
_b21სმ.
653 _aშუა საუკუნეების ისტორიის საკითხები
653 _aისტორია
700 _aჟორდანია, გ
_eრედაქტორი
_94668
710 _aივანე ჯავახიშვილის სახელობის თბილისის სახელმწიფო უნივერსიტეტი. შუა საუკუნეების ისტორიის კათედრა
_917473
942 _cBK
_2udc